000 00484nam a2200169Ia 4500
003 GCL
008 140319s9999 xx 000 0 ara d
040 _aGCL /
_cGCL
082 0 4 _a189
_bح ن
100 1 _aحسين مروة
245 1 0 _aالنزعات المادية فى الفلسفة العربية الاسلامية /
_cحسين مروة
300 _aمتعدد
490 _a
650 0 4 _aالفلسفة الاسلامية
650 0 4 _aالفلسفة
942 _2ddc
_cBK
999 _c43744
_d43744